Katalog Plus
Bibliothek der Frankfurt UAS
Bald neuer Katalog: sichern Sie sich schon vorab Ihre persönlichen Merklisten im Nutzerkonto: Anleitung.

Mikroökonomik im Bachelor-Studium

Titel: Mikroökonomik im Bachelor-Studium : Eine Einführung mit Lernvideos / von Korbinian von Blanckenburg
Verfasser:
Ausgabe: 1st ed. 2023
Veröffentlicht: Wiesbaden : Springer Fachmedien Wiesbaden, 2023
Umfang: 1 Online-Ressource (X, 125 Seiten) : 54 Abb.
Format: E-Book
Sprache: Deutsch
Schlagworte:
Andere Ausgaben: Erscheint auch als Druck-Ausgabe: von Blanckenburg, Korbinian. Mikroökonomik im Bachelor-Studium. - Wiesbaden : Springer Fachmedien Wiesbaden, 2023
ISBN: 9783658414603 ; 365841460X ; 9783658414597
Buchumschlag
X
alg: 51453857
001A    $06055:09-01-24 
001B    $01999:06-06-24 $t20:27:58.000 
001D    $06055:09-01-24 
001U    $0utf8 
001X    $00 
002@    $0Oax 
002C    $aText $btxt $2rdacontent 
002D    $aComputermedien $bc $2rdamedia 
002E    $aOnline-Ressource $bcr $2rdacarrier 
003@    $0514538570 
004A    $A978-3-658-41460-3 
004A    $03-658-41460-X 
004E/04 $0SpringerNature-11775 $fSubject Collection Business and Economics (German Language) 
004O    $A978-3-658-41459-7 $Sp 
004P    $010.1007/978-3-658-41460-3 $SV603 
007A    $0514538570 $aHEB 
007I    $0Springer978-3-658-41460-3 
009P    $qtext/html $3Inhaltsverzeichnis $uhttp://scans.hebis.de/HEBCGI/show.pl?51453857_toc.html $mX:DE-He213 
009P    $qtext/html $3Ausführliche Beschreibung $uhttp://scans.hebis.de/HEBCGI/show.pl?51453857_aub.html $mX:DE-He213 
009Q    $SV603 $uhttps://doi.org/10.1007/978-3-658-41460-3 $xR 
010@    $ager 
010E    $erda 
011@    $a2023 
017B    $aZDB-2-SWI 
021A    $aMikroökonomik im Bachelor-Studium $dEine Einführung mit Lernvideos $hvon Korbinian von Blanckenburg 
028A    $avon Blanckenburg $BVerfasser $dKorbinian $4aut 
032@    $a1st ed. 2023 
033A    $pWiesbaden $nSpringer Fachmedien Wiesbaden 
033E    $pCham $nSpringer International Publishing AG 
034D    $a1 Online-Ressource (X, 125 Seiten) 
034M    $a54 Abb. 
039D    $aErscheint auch als $tMikroökonomik im Bachelor-Studium $dWiesbaden $eSpringer Fachmedien Wiesbaden $f2023 $z978-3-658-41459-7 $lvon Blanckenburg, Korbinian $nDruck-Ausgabe 
044A    $aMicroeconomics $S#0 $N650 
044A    $aEconomics $S#0 $N650 
044A    $aMicroeconomics $S14 $N650 
044A    $aEconomics $S24 $N650 
044K    $RWirtschaftstheorie $RVolkswirtschaftslehre $#Microeconomics $#Microéconomie $#Microeconomía $#Mikroökonomik $#Mikroökonomie $#Mikroökonomik $74039225-9 $8Mikroökonomie [Ts1] $9085106909 
045B    $a338.5 $eDDC23eng 
045E    $c330 
047A    $aSacherschließung maschinell aus paralleler Ausg. übernommen 

lok: 51453857 3
101B    $011-01-24 $t11:27:07.000 
101C    $011-01-24 
101U    $0utf8 
145S/01 $a008 

exp: 51453857 3 1 #EPN
201B/01 $011-01-24 $t11:27:06.000 
201C/01 $009-01-24 
201U/01 $0utf8 
203@/01 $01254037691 
204P/01 $010.1007/978-3-658-41460-3 $SV603 
208@/01 $a09-01-24 $bl 
209B/01 $a502 $x05 

lok: 51453857 5

exp: 51453857 5 1 #EPN
201B/01 $009-01-24 $t23:01:48.238 
201C/01 $009-01-24 
201U/01 $0utf8 
203@/01 $01254037705 
204P/01 $010.1007/978-3-658-41460-3 $SV603 
208@/01 $a09-01-24 $bl 

lok: 51453857 8

exp: 51453857 8 1 #EPN
201B/01 $009-01-24 $t23:01:48.241 
201C/01 $009-01-24 
201U/01 $0utf8 
203@/01 $01254037713 
204P/01 $010.1007/978-3-658-41460-3 $SV603 
208@/01 $a09-01-24 $bl 

lok: 51453857 10

exp: 51453857 10 1 #EPN
201B/01 $009-01-24 $t23:01:48.244 
201C/01 $009-01-24 
201U/01 $0utf8 
203@/01 $01254037721 
204P/01 $010.1007/978-3-658-41460-3 $SV603 
208@/01 $a09-01-24 $bl 

lok: 51453857 11

exp: 51453857 11 1 #EPN
201B/01 $009-01-24 $t23:01:48.246 
201C/01 $009-01-24 
201U/01 $0utf8 
203@/01 $0125403773X 
204P/01 $010.1007/978-3-658-41460-3 $SV603 
208@/01 $a09-01-24 $bl 

lok: 51453857 20

exp: 51453857 20 1 #EPN
201B/01 $009-01-24 $t23:01:48.249 
201C/01 $009-01-24 
201U/01 $0utf8 
203@/01 $01254037748 
204P/01 $010.1007/978-3-658-41460-3 $SV603 
208@/01 $a09-01-24 $bl 

lok: 51453857 21

exp: 51453857 21 1 #EPN
201B/01 $009-01-24 $t23:01:48.252 
201C/01 $009-01-24 
201U/01 $0utf8 
203@/01 $01254037756 
204P/01 $010.1007/978-3-658-41460-3 $SV603 
208@/01 $a09-01-24 $bl 

lok: 51453857 23

exp: 51453857 23 1 #EPN
201B/01 $009-01-24 $t23:01:48.255 
201C/01 $009-01-24 
201U/01 $0utf8 
203@/01 $01254037764 
204P/01 $010.1007/978-3-658-41460-3 $SV603 
208@/01 $a09-01-24 $bl 

lok: 51453857 25

exp: 51453857 25 1 #EPN
201B/01 $009-01-24 $t23:01:48.257 
201C/01 $009-01-24 
201U/01 $0utf8 
203@/01 $01254037772 
204P/01 $010.1007/978-3-658-41460-3 $SV603 
208@/01 $a09-01-24 $bl 

lok: 51453857 49

exp: 51453857 49 1 #EPN
201B/01 $009-01-24 $t23:01:48.260 
201C/01 $009-01-24 
201U/01 $0utf8 
203@/01 $01254037780 
204P/01 $010.1007/978-3-658-41460-3 $SV603 
208@/01 $a09-01-24 $bl 

lok: 51453857 204

exp: 51453857 204 1 #EPN
201B/01 $009-01-24 $t23:01:48.263 
201C/01 $009-01-24 
201U/01 $0utf8 
203@/01 $01254037799 
204P/01 $010.1007/978-3-658-41460-3 $SV603 
208@/01 $a09-01-24 $bl 

lok: 51453857 205

exp: 51453857 205 1 #EPN
201B/01 $020-06-24 $t14:49:47.000 
201C/01 $009-01-24 
201U/01 $0utf8 
203@/01 $01254037802 
204P/01 $010.1007/978-3-658-41460-3 $SV603 
208@/01 $a09-01-24 $bla 
209B/01 $aebo $x05 
209B/01 $aspw $x06 
209C/01 $anel2406qa
LEADER 00000cam a22000002c 4500
001 514538570
003 DE-603
005 20240606202758.0
007 cr||||||||||||
008 240109s2023 xx |||| o| u00||u|ger c
020 |a 9783658414603 
020 |a 365841460X 
024 7 |a 10.1007/978-3-658-41460-3  |2 doi 
028 5 2 |a SpringerNature-11775 
035 |a (DE-599)HEB514538570 
040 |a DE-603  |b ger  |c DE-603  |d DE-603  |e rda 
041 |a ger 
082 7 |a 338.5  |2 23/eng 
084 |a 330  |q DE-101  |2 sdnb 
100 1 |a von Blanckenburg, Korbinian  |e Verfasser  |4 aut 
245 0 0 |a Mikroökonomik im Bachelor-Studium  |b Eine Einführung mit Lernvideos  |c von Korbinian von Blanckenburg 
250 |a 1st ed. 2023 
264 1 |a Wiesbaden  |b Springer Fachmedien Wiesbaden  |c 2023 
264 2 |a Cham  |b Springer International Publishing AG 
300 |a 1 Online-Ressource (X, 125 Seiten)  |b 54 Abb. 
336 |a Text  |b txt  |2 rdacontent 
337 |a Computermedien  |b c  |2 rdamedia 
338 |a Online-Ressource  |b cr  |2 rdacarrier 
650 7 |a Mikroökonomie  |0 (DE-588)4039225-9  |0 (DE-603)085106909  |2 gnd 
776 0 8 |i Erscheint auch als  |n Druck-Ausgabe  |a von Blanckenburg, Korbinian  |t Mikroökonomik im Bachelor-Studium  |d Wiesbaden : Springer Fachmedien Wiesbaden, 2023  |z 9783658414597 
776 1 |z 9783658414597 
856 |u https://doi.org/10.1007/978-3-658-41460-3  |x Resolving-System 
856 4 2 |m X:DE-He213  |q text/html  |u http://scans.hebis.de/HEBCGI/show.pl?51453857_toc.html  |3 Inhaltsverzeichnis 
856 4 2 |m X:DE-He213  |q text/html  |u http://scans.hebis.de/HEBCGI/show.pl?51453857_aub.html  |3 Ausführliche Beschreibung 
912 |a ZDB-2-SWI 
924 1 |9 603  |a (DE-603)1254037691  |b DE-603  |c HES  |d d 
924 1 |9 603  |a (DE-603)1254037705  |b DE-603  |c HES  |d d 
924 1 |9 603  |a (DE-603)1254037713  |b DE-603  |c HES  |d d 
924 1 |9 603  |a (DE-603)1254037721  |b DE-603  |c HES  |d d 
924 1 |9 603  |a (DE-603)125403773X  |b DE-603  |c HES  |d d 
924 1 |9 603  |a (DE-603)1254037748  |b DE-603  |c HES  |d d 
924 1 |9 603  |a (DE-603)1254037756  |b DE-603  |c HES  |d d 
924 1 |9 603  |a (DE-603)1254037764  |b DE-603  |c HES  |d d 
924 1 |9 603  |a (DE-603)1254037772  |b DE-603  |c HES  |d d 
924 1 |9 603  |a (DE-603)1254037780  |b DE-603  |c HES  |d d 
924 1 |9 603  |a (DE-603)1254037799  |b DE-603  |c HES  |d d 
924 1 |9 603  |a (DE-603)1254037802  |b DE-603  |c HES  |d d